000 00731cam a2200277 4500500
005 20260405002003.0
041 _afre
042 _adc
100 1 0 _aLequin, Mathilde
_eauthor
245 0 0 _a7 conceptions de la mémoire
260 _c2015.
500 _a47
690 _aHenri Bergson
690 _aLocke
690 _aMémoire
690 _aNietzsche
690 _aPassé
690 _aPlaton
690 _aPrésent
690 _aProust
690 _aRicœur
690 _aSaint Augustin
690 _aTemps
786 0 _nPhilosophie magazine | 89 | 5 | 2015-05-01 | p. 49-49 | 1951-1787
856 4 1 _uhttps://shs.cairn.info/magazine-philosophie-magazine-2015-5-page-49?lang=fr&redirect-ssocas=7080
999 _c2053019
_d2053019